000 00320nam a22001337a 4500
008 181204b xxu||||| |||| 00| 0 eng d
020 _a9780471640721
041 _aeng
080 _25th
_a330.722.6
100 _a62
101 _aKM
245 _aManagerial Finance in a Canadian Setting
_cLusztig,P
942 _2udc
_cBK
999 _c52785
_d52785